21 Tiere mit 3 Buchstaben Bildquiz - Statistiken

Allgemein
  • Dieses Quiz wurde 1.921 mal gespielt
    1.912 seit der letzten Aktualisierung
  • Das Durchschnittsergebnis liegt bei 12 aus 21
Antwortstatistiken
Bildquiz Antwort % Korrekt
Bär
98%
Kuh
97%
Hai
96%
Wal
94%
Uhu
93%
Aal
91%
Reh
77%
Sau
76%
Koi
75%
Emu
73%
Ara
72%
Gnu
66%
Yak
63%
Boa
49%
Kea
34%
Beo
16%
Ren
14%
Olm
12%
Alk
10%
Lar
5%
Aue
1%
Keine übereinstimmenden Quizze gefunden
Verteilung der Resultate
Anzahl Personen mit jedem Resultat
Perzentil nach korrekt beantworteten Fragen
Ihre Resultats-Entwicklung
Sie haben dieses Quiz seit der letzten Aktualisierung nicht gespielt